000 00302nam a22001337a 4500
008 181022b xxu||||| |||| 00| 0 eng d
020 _a9780070178977
041 _aeng
080 _a510
100 _a36
101 _aMAT
245 _aPartial Differential Equations
_cDuChateau,P
942 _2udc
_cBK
999 _c50394
_d50394